000
00255nam a2200097Ia 4500
008
170619s9999 xx 000 0 und d
100
_a
Mannering- Fred
245
0
_a
Principles of Highway Engineering and Traffic Analysis
260
_b
Wiley-India
260
_c
2011
546
_a
ENGLISH
999
_c
20625
_d
20625